Becoming Spider-Man (Record no. 123897)

MARC details
000 -LÍDER
campo de controle de tamanho fixo 00939 a2200241 4500
001 - NÚMERO DE CONTROLE
campo de controle 123897
020 ## - ISBN - INTERNATIONAL STANDARD BOOK NUMBER
ISBN - International Standard Book Number 9781423154877
040 ## - FONTE DA CATALOGAÇÃO
Instituição que transcreveu o registro Escola Canadense de Niteroi
090 ## - NÚMERO DE CHAMADA LOCAL
Número de chamada (OCLC) (R); Número de chamada, CALL (RLIN) (NR) T1-PAL
100 ## - ENTRADA PRINCIPAL--NOME PESSOAL
Nome pessoal Palacios, Tomas
245 10 - TÍTULO
Título Becoming Spider-Man
250 ## - EDIÇÃO
Edição 1st. ed.
260 ## - PUBLICAÇÃO, DISTRIBUIÇÃO, ETC.
Local de publicação, distribuição, etc. USA
300 ## - DESCRIÇÃO FÍSICA
Extensão 32 p.
Dimensões 6 x 9 inches
362 0# - DATAS DE PUBLICAÇÃO E/OU DESIGNAÇÃO SEQUENCIAL
Datas de publicação e/ou designação sequencial 2012
490 0# - TÍTULO DA SÉRIE
Título da série World of reading
520 ## - NOTA DE RESUMO, ETC
Resumo, etc. Peter Parker is a regular kid in high school. After a visit to Oscorp and an encounter with a strange spider, everything in Peter’s life suddenly changes! He is now able to cling to subway ceilings, climb up walls, and can eat everything in Aunt May’s fridge. Realizing he has super powers and a responsibility to use them for good, Peter must save the day by becoming the Amazing Spider-Man!
650 #4 - ASSUNTO--TERMO TÓPICO
Cabeçalho tópico ou nome geográfico Superheroes
650 #4 - ASSUNTO--TERMO TÓPICO
Cabeçalho tópico ou nome geográfico Children's Literature
650 #4 - ASSUNTO--TERMO TÓPICO
Cabeçalho tópico ou nome geográfico Action or Adventure
650 #4 - ASSUNTO--TERMO TÓPICO
Cabeçalho tópico ou nome geográfico Superpowers
942 ## - ELEMENTOS DE ENTRADA ADICIONADOS (KOHA)
Tipo de material Koha Livros
Holdings
Situação do descarte Situação das perdas Situação física Não pode ser emprestado Biblioteca de origem Biblioteca atual Data de aquisição Total de empréstimos Número de chamada completo Código de barras Devolução em Data de último acesso Data do último empréstimo Data do preço efetivo Tipo de material Koha
        Canadian School of Niterói - Itacoatiara Canadian School of Niterói - Itacoatiara 09/02/2024   T1-PAL A31208   09/02/2024   09/02/2024 Livros
        Canadian School of Niterói - Piratininga Canadian School of Niterói - Piratininga 09/02/2024 3 T1-PAL A25042 14/06/2024 07/06/2024 07/06/2024 09/02/2024 Livros